Missing Word: 'C' Authors Quiz Stats

Quiz Updated Jul 1, 2015

Challenge
Share
Tweet
Embed
Score 0/20 Timer 03:00
0 Plays Today
Author Answer % Correct
_____ DickensCharles
98.7%
Hans _____ AndersenChristian
96.6%
Truman _____Capote
96.1%
Arthur _____ DoyleConan
95.8%
_____ SaganCarl
91.2%
Geoffrey _____Chaucer
85.6%
James Fenimore _____Cooper
80.5%
Miguel de _____Cervantes
79.9%
Michael _____Crichton
78%
Joyce _____ OatesCarol
68.2%
Author Answer % Correct
Suzanne _____Collins
67.9%
Samuel Taylor _____Coleridge
64.9%
Willa _____Cather
61.9%
Raymond _____Chandler
60.5%
Stephen _____Crane
56.1%
_____ McCarthyCormac
55%
Orson Scott _____Card
47.6%
_____ PalahniukChuck
46.5%
_____ IsherwoodChristopher
30.5%
Kate _____Chopin
27.1%

Today's Daily Dose

Missing Word
Brians

On This Day
January 17th

You're not logged in!

Compare scores with friends on all Sporcle quizzes.
Sign Up with Email
OR
Log In

You Might Also Like...

Show Comments

Extras

Top Quizzes Today


Score Distribution

Your Account Isn't Verified!

In order to create a playlist on Sporcle, you need to verify the email address you used during registration. Go to your Sporcle Settings to finish the process.